Canadian Immigration by Country Quiz - Statistics

General Stats
  • This quiz has been taken 3,364 times
  • The average score is 13 of 20
Answer Stats
Population Country % Correct
579,620 United Kingdom
96%
250,535 United States
96%
682,370 China
95%
443,690 India
94%
79,550 France
93%
171,405 Germany
87%
133,280 Pakistan
83%
296,850 Italy
81%
170,490 Poland
72%
98,395 South Korea
68%
160,170 Vietnam
64%
92,090 Iran
63%
303,195 Philippines
61%
150,390 Portugal
57%
111,990 Netherlands
46%
82,645 Romania
41%
123,420 Jamaica
37%
105,670 Sri Lanka
34%
75,275 Lebanon
23%
92,090 Guyana
8%
No matching quizzes found
Score Distribution
Percent of People with Each Score
Percentile by Number Answered
Your Score History
You have not taken this quiz